جواهر الأدب في أدبيات و إنشاء لغة العرب / (رقم التسجيلة. 29403)

تفاصيل مارك
000 -LEADER
fixed length control field 00511nam a22001697a 4500
005 - DATE AND TIME OF LATEST TRANSACTION
control field 20251108165511.0
008 - FIXED-LENGTH DATA ELEMENTS--GENERAL INFORMATION
fixed length control field 250721s9999 xx 000 0 ara d
082 14 - DEWEY DECIMAL CLASSIFICATION NUMBER
Classification number م/810/هاش
100 1# - MAIN ENTRY--PERSONAL NAME
Personal name الهاشمي، أحمد
245 10 - TITLE STATEMENT
Title جواهر الأدب في أدبيات و إنشاء لغة العرب /
250 ## - EDITION STATEMENT
Edition statement ط30
264 1# - PRODUCTION, PUBLICATION, DISTRIBUTION, MANUFACTURE, AND COPYRIGHT NOTICE
Place of production, publication, distribution, manufacture بيروت :
Name of producer, publisher, distributor, manufacturer دار الكتب العلميه،
Date of production, publication, distribution, manufacture, or copyright notice [19-].
300 ## - PHYSICAL DESCRIPTION
Extent 2ج في مج
650 17 - SUBJECT ADDED ENTRY--TOPICAL TERM
Topical term or geographic name as entry element الأدب العربي
942 ## - ADDED ENTRY ELEMENTS (KOHA)
Source of classification or shelving scheme Dewey Decimal Classification
Koha item type مراجع
المقتنيات
حالة السحب حالة الفقدان مصدر التصنيف حالة التلف غير قابل للإعارة المكتبة الرئيسية المكتبة الحالية موقع الرف تاريخ التزويد الرقم المتسلسل Total Checkouts رقم الإستدعاء الباركود تاريخ آخر ظهور تاريخ الفاتورة نوع المادة (كوها)
    Dewey Decimal Classification   Not For Loan مكتبة قتيبة للأطفال مكتبة قتيبة للأطفال الأطفال 03/03/2018 1667832   م/810/هاش PLD00418575 28/07/2025 03/03/2018 مراجع
    Dewey Decimal Classification   Not For Loan مكتبة الاميرة بديعة مكتبة الاميرة بديعة مراجع 06/07/2004 837   م/810/هاش DUP-01_837 28/07/2025 06/07/2004 مراجع
    Dewey Decimal Classification   Not For Loan مكتبة الجويدة مكتبة الجويدة مراجع 22/06/2015 (1537)   م/810/هاش PLD00333185 28/07/2025 22/06/2015 مراجع
    Dewey Decimal Classification   Not For Loan مكتبة بدر للأطفال مكتبة بدر للأطفال الأطفال 14/08/2022 290259   م/810/هاش PLD00499235 28/07/2025 14/08/2022 مراجع
    Dewey Decimal Classification   Not For Loan مكتبة مؤتة مكتبة مؤتة مراجع 03/09/2018 1679275   م/810/هاش PLD00429402 28/07/2025 03/09/2018 مراجع
Implemented & Customized by: BBB with SCIT (Smart Chains for Information Technology)

Powered by Koha